MARC

LEADER 00000nam0a2200000 4500
001 232852
005 20231101231213.0
035 |a (RuTPU)RU\TPU\book\253909 
090 |a 232852 
100 |a 20130220d1984 k y0rusy50 ca 
101 0 |a rus 
102 |a RU 
105 |a a z 001zy 
200 1 |a Онтогения магнетита. По материалам изучения природных руд и агломератов  |f А. М. Дымкин, А. А. Пермяков  |g Академия наук СССР (АН СССР), Уральский научный центр (УНЦ) 
210 |a Свердловск  |c Изд-во УНЦ АН СССР  |d 1984 
215 |a 188 с.  |c ил. 
320 |a Библиогр.: с. 180-187. 
606 1 |a Магнетит  |x Минералогия  |2 stltpush  |3 (RuTPU)RU\TPU\subj\72338  |9 85899 
610 1 |a железорудные месторождения 
610 1 |a руды 
610 1 |a метасоматиты 
610 1 |a морфология 
610 1 |a выделение 
610 1 |a гониометрия 
610 1 |a кристаллы 
610 1 |a анатомия 
610 1 |a онтогения 
610 1 |a изоморфизм 
610 1 |a примеси 
675 |a 549.73  |v 3 
700 1 |a Дымкин  |b А. М.  |g Александр Михайлович 
701 1 |a Пермяков  |b А. А.  |g Арнольд Аркадьевич 
712 0 2 |a Академия наук СССР (АН СССР)  |b Уральский научный центр (УНЦ)  |2 stltpush  |3 (RuTPU)RU\TPU\col\3284 
801 1 |a RU  |b 63413507  |c 20130220 
801 2 |a RU  |b 63413507  |c 20131002  |g RCR 
942 |c BK